Análisis estructural (Registro nro. 22959)
[ vista simple ]
| 000 -Cabecera | |
|---|---|
| Campo de control interno | 00972nam a2200229Ia 4500 |
| 005 - Fecha y hora del registro | |
| control field | 20260417135731.0 |
| 008 - Elementos de Longitud Fija | |
| fixed length control field | 260414t2012||||xx |||||||||||||| ||spa|| |
| 041 ## - Idioma | |
| Codigo Idioma | ESP |
| 082 ## - DEWEY y NOTACIÓN INTERNA | |
| Dewey | 624.171 |
| Notación Interna | H441 |
| 100 ## - AUTOR | |
| Autor denominación | Hibbeler, R. C., |
| Término de relación | autor |
| 245 #0 - TÍTULO DE MATERIAL BIBLIOGRÁFICO | |
| Título | Análisis estructural |
| 260 ## - CIUDAD, EDITORIAL, AÑO | |
| Año | 2012 |
| 300 ## - DESCRIPCIÓN | |
| N° Páginas | xx, 695 páginas : |
| Dimensiones | 25 cm. |
| 650 ## - TEMAS | |
| Temas | |
| 654 ## - PROGRAMAS | |
| Programa | Dpto. de Ingeniería Civil |
| 856 ## - URL - UBICACIÓN | |
| URI/URL: Enlace exacto del recurso | <a href="https://itmsp.museknowledge.com/UCSP?url=https://www.ebooks7-24.com:443/?il=25562&pg=1">https://itmsp.museknowledge.com/UCSP?url=https://www.ebooks7-24.com:443/?il=25562&pg=1</a> |
| Nota pública: Versión digital | <a href="Versión digital (2022)">Versión digital (2022)</a> |
| 856 ## - URL - UBICACIÓN | |
| URI/URL: Enlace exacto del recurso | <a href="https://0u213ww4z-y-https-ebooks7--24-com.itmsp.museknowledge.com/biblioteca.aspx">https://0u213ww4z-y-https-ebooks7--24-com.itmsp.museknowledge.com/biblioteca.aspx</a> |
| Nota pública: Versión digital | <a href="Véase además: Base de datos Ebook7-24">Véase además: Base de datos Ebook7-24</a> |
| 856 ## - URL - UBICACIÓN | |
| URI/URL: Enlace exacto del recurso | <a href="https://0u21dww59-y-https-ebooks-editorialmacro-com.itmsp.museknowledge.com/library">https://0u21dww59-y-https-ebooks-editorialmacro-com.itmsp.museknowledge.com/library</a> |
| Nota pública: Versión digital | <a href="Véase además: Base de datos Macro Digital">Véase además: Base de datos Macro Digital</a> |
| 856 ## - URL - UBICACIÓN | |
| URI/URL: Enlace exacto del recurso | <a href="https://0u20fww5b-y-https-research-ebsco-com.itmsp.museknowledge.com/c/qxo6us/search">https://0u20fww5b-y-https-research-ebsco-com.itmsp.museknowledge.com/c/qxo6us/search</a> |
| Nota pública: Versión digital | <a href="Véase además: Base de datos EBSCOhost">Véase además: Base de datos EBSCOhost</a> |
| 942 ## - ELEMENTOS DE KOHA | |
| Tipo de documento | Libro |
| Nombre del creador | Justo Noguera |
| Código de catalogador | Justo Noguera |
| Esquema de clasificación | Dewey Decimal Classification |
| Codigo completo | Registro | Colección | Copia número | Disponibilidad | Tipo de préstamo | Biblioteca Actual | Procedencia (Biblioteca) | Ubicacón | Fecha Ingreso | Tipo de Adquisición | Date last seen | Total checkouts | Price effective from | Tipo de Item | Estado del Material | Damaged status | Withdrawn status | Fuente de Clasificación |
|---|---|---|---|---|---|---|---|---|---|---|---|---|---|---|---|---|---|---|
| 624.171 H441 | 1015443 | Universidad Católica San Pablo | 1 | Disponible | Disponible | Víctor Andrés Belaunde | Víctor Andrés Belaunde | Segundo piso | 14/04/2026 | Compra | 14/04/2026 | 14/04/2026 | Libro | Bueno | ||||
| 624.171 H441 | 1053958 | Universidad Católica San Pablo | 2 | Disponible | Disponible | Víctor Andrés Belaunde | Víctor Andrés Belaunde | Segundo piso | 14/04/2026 | Compra | 14/04/2026 | 14/04/2026 | Libro | Bueno | Dewey Decimal Classification |




